000 00992nam a2200313Ia 4500
003 GCL
008 140319s9999 xx 000 0 ara d
040 _aGCL /
_cGCL
082 0 4 _a725.5
_bم ت
100 1 _aمجدى محمد موسى
245 1 0 _aالتصميم المعمارى فى مبانى المستشفيات واقسام الجراحة /
_cمجدى محمد موسى
700 1 _aنبيل السراج
260 _a[S.N] :
_bدار الراتب الجامعية
300 _a234 ص
490 _a
650 0 4 _aالتصميم الانشائى
650 0 4 _aالمبانى
650 0 4 _aالمستشفيات
650 0 4 _aالعمارة
650 0 4 _aالرسم المعمارى
650 0 4 _aالتصميمات المعمارية
650 0 4 _aتصميمات المبانى
650 0 4 _aتجهيز
650 0 4 _aتصميمات
650 0 4 _aالتشييد
650 0 4 _aالتكييف
650 0 4 _aالحرارة والتهوية
942 _2ddc
_cBK
999 _c58476
_d58476